000 00655nam a22001817a 4500
003 AUA.1
005 20251015103723.0
008 250711b |||||||| |||| 00| 0 eng d
040 _cJTL
100 _aOkan-Gbenedio, Gift O.
245 _aJuvenile delinquency among students in faith-based universities: Implications for Chaplaincy services at Babcock University /
_cGift O. Okan-Gbenedio.
260 _cc2025.
300 _aix, 81 leaves :
_bIllustrations :
_c30cm.
650 _aChaplains
_928673
650 _aBabcock University, Nigeria
_xChaplains
650 _aJuvenile delinquency
_917774
942 _2aua
_cPROJECT
_hMChap
_i.O53 2025
999 _c25206
_d25206